Statistiques concernant Paroles La cantine-Carlos

Cliquez ici pour prendre le quiz!

Statistiques générales

  • Ce quiz a été pris 24 fois
  • Le résultat moyen est 217 sur 299

Statistiques - réponses

Réponse% Correct
à
100%
a
100%
A
100%
cantine
100%
et
100%
Et
100%
la
100%
m'a
100%
manger
100%
avec
94%
copains
94%
copines
94%
Je
94%
je
94%
le
94%
mes
94%
de
89%
si
89%
Au
83%
au
83%
du
83%
Il
83%
les
83%
même
83%
Même
83%
préfère
83%
Ce
78%
comme
78%
est
78%
viande
78%
des
72%
dure
72%
moins
72%
on
72%
On
72%
se
72%
ses
72%
suis
72%
sûr
72%
un
72%
bon
67%
ne
67%
pas
67%
réfectoire
67%
Tout
67%
C'est
61%
c'est
61%
dans
61%
doigts
61%
quand
61%
aux
56%
beurre
56%
coup
56%
en
56%
maison
56%
margarine
56%
nous
56%
peut
56%
rigoler
56%
vos
56%
bien
50%
caoutchouc
50%
d'la
50%
épinards
50%
n'est
50%
table
50%
toujours
50%
y
50%
pour
44%
qui
44%
s'il
44%
son
44%
sous
44%
assiette
39%
cailloux
39%
mains
39%
petits
39%
pois
39%
s'en
39%
y'a
39%
fait
33%
plein
33%
Tant
33%
défendu
28%
faire
28%
marrant
28%
met
28%
notre
28%
pis
28%
bagarre
22%
billes
22%
chez
22%
coin
22%
confiture
22%
danser
22%
d'être
22%
figure
22%
invité
22%
jouer
22%
lui
22%
mademoiselle
22%
quenelles
22%
Voulez-vous
22%
croche-pieds
17%
déjeuner
17%
finissant
17%
habits
17%
l'envoyer
17%
musique
17%
République
17%
rouspète
17%
y'en
17%
pousse
11%
tables
11%

Distribution des résultats

Percentile par nombre de réponses

% des personnes avec chaque résultat

Votre développement - résultats

Vous n’avez pas pris ce quiz